Raně středověké opevnění Malé Strany v místě někdejší osady Nebovidy
| Titel: | Raně středověké opevnění Malé Strany v místě někdejší osady Nebovidy |
|---|---|
| Verfasser: | |
| Beteiligt: | |
| In: |
Muzejní a vlastivědná práce, Band 45/115, Heft 3-4 (2007), Seite 243-248 alle Artikel anzeigen |
| Veröffentlicht: | 2007 |
| Format: | Aufsatz |
| Sprache: | Tschechisch |
X
alg: 39342831 001A $01999:12-11-16 001B $03025:15-07-25 $t14:49:13.000 001C $06050:19-11-16 $t09:27:41.000 001D $01999:12-11-16 001U $0utf8 001X $00 002@ $0Aox 003@ $0393428311 007A $0393428311 $aHEB 007T $0Herdpp124510 010@ $acze 011@ $a2007 021A $aRaně středověké opevnění Malé Strany v místě někdejší osady Nebovidy 028A $714193915X $8Havrda, Jan$Z1969- [Tp3] $9225682486 028C $71153214830 $8Tryml, Michal$Z1946- [Tp1] $9426652673 031A $d45/115 $e3-4 $h243-248 $j2007 039B $aIn $8--Abvc--. Muzejní a vlastivědná práce. - Praha : Panorama, 1963-2007. - ISSN 0027-5255 $x200700000450003757 $9048241903 044K $RPrag $RPrag-Kleinseite $71054970181 $8Nebovidy$gPrag [Tg1] $9344623793 045T $a7,41 lok: 39342831 78 exp: 39342831 78 1 #EPN 201B/01 $028-06-18 $t22:53:23.000 201U/01 $0utf8 203@/01 $078953875X 208@/01 $a12-11-16 $be 209A/01 $a/ $f000 $x00 220C/01 $aHerkunft: Hú Av Čr Praha 244Z/01 $#Tschechien $#Tschechische Republik $#Tschechien $#Tschechische Republik $#Tschechenland $#Tschechei Tschechien $#Česká Republika $#Czech Republic $#ČR $74303381-7 $8--Tg1--Tschechien $x01 $9086659812 244Z/01 $2Trx $#Böhmen $#Bohemia $#Czechy $8--Trx--Čechy $x02 $9391188941 244Z/01 $#Prag- Malá Strana $#Kleinseite $#Malá Strana $74265848-2 $8--Tg1--Prag-Kleinseite $x03 $9086419900 244Z/01 $aopevnění raně středověká $x04 244Z/01 $2Trx $#arheoloogia uurimused $#archeologiniai tyrimai $#archaeology research $#régészet vizsgálatok $#archeologia, badania $#archeológia, výskumy $#archeologie, výzkumy $8--Trx--Archäologie$gUntersuchungen $x05 $9391380192 244Z/01 $2Trx $8--Trx--Zeitschriftenaufsatz $x06 $9391384341 247C/01 $82080>Marburg/Lahn, Herder-Institut, Forschungsbibliothek, Bibliographieportal $9336309341
| LEADER | 00000caa a22000002c 4500 | ||
|---|---|---|---|
| 001 | 393428311 | ||
| 003 | DE-603 | ||
| 005 | 20250715144913.0 | ||
| 007 | tu | ||
| 008 | 161112s2007 xx |||| | u00||u|cze c | ||
| 035 | |a (DE-599)HEB393428311 | ||
| 040 | |a DE-603 |b ger |c DE-603 |d DE-603 | ||
| 041 | |a cze | ||
| 084 | |a 7,41 |2 ssgn | ||
| 100 | 1 | |a Havrda, Jan |d 1969- |0 (DE-603)225682486 |0 (DE-588)14193915X |2 gnd | |
| 245 | 0 | 0 | |a Raně středověké opevnění Malé Strany v místě někdejší osady Nebovidy |
| 264 | 0 | |c 2007 | |
| 651 | 7 | |a Nebovidy |g Prag |0 (DE-588)1054970181 |0 (DE-603)344623793 |2 gnd | |
| 700 | 1 | |a Tryml, Michal |d 1946- |0 (DE-603)426652673 |0 (DE-588)1153214830 |2 gnd | |
| 773 | 0 | 8 | |i In |t Muzejní a vlastivědná práce |d Praha : Panorama, 1963-2007 |x 0027-5255 |g Band 45/115, Heft 3-4 (2007), Seite 243-248 |w (DE-603)048241903 |w (DE-600)958149-2 |
| 924 | 0 | |9 2080 |a (DE-603)78953875X |b DE-2080 |c HES |d d |g / | |


